All Main Star Wars Movie Villains - Statistics

General Stats
  • This quiz has been taken 152 times
  • The average score is 10 of 12
Answer Stats
Picture Hint Answer % Correct
A New Hope Darth Vader
100%
Empire Strikes Back Darth Vader
100%
The Phantom Menace Darth Maul
98%
The Clone Wars Emperor Palpatine
98%
Revenge of the Sith Emperor Palpatine
98%
Return of the Jedi Emperor Palpatine
98%
The Rise of Skywalker Emperor Palpatine
98%
Attack of the Clones Count Dooku
96%
The Force Awakens Kylo Ren
96%
The Last Jedi Supreme Leader Snoke
78%
Rogue One Orson Krennic
51%
Solo: A Star Wars Story Dryden Vos
34%
No matching quizzes found
Score Distribution
Percent of People with Each Score
Percentile by Number Answered
Your Score History
You have not taken this quiz